Strategic planning for the industrial engineering function (Record no. 4223)

000 -LEADER
fixed length control field 00620nam a2200229 a 4500
001 - CONTROL NUMBER
control field 4223
003 - CONTROL NUMBER IDENTIFIER
control field BD-DhUET
008 - FIXED-LENGTH DATA ELEMENTS--GENERAL INFORMATION
fixed length control field 850806s1986 nyu b 001 0 eng
020 ## - INTERNATIONAL STANDARD BOOK NUMBER
International Standard Book Number 0442261853
040 ## - CATALOGING SOURCE
Original cataloging agency DLC
Transcribing agency DLC
Modifying agency BD-DhUET
082 00 - DEWEY DECIMAL CLASSIFICATION NUMBER
Classification number 658.5036
Item number BYR/1986
100 ## - MAIN ENTRY--PERSONAL NAME
Personal name Byrd, Jack
245 10 - TITLE STATEMENT
Title Strategic planning for the industrial engineering function
250 ## - EDITION STATEMENT
Edition statement 1st ed.
260 ## - PUBLICATION, DISTRIBUTION, ETC. (IMPRINT)
Place of publication, distribution, etc. New York
Name of publisher, distributor, etc. Van Nostrand Reinhold
Date of publication, distribution, etc. 1986
300 ## - PHYSICAL DESCRIPTION
Extent xv, 281 p.
Dimensions 24 cm.
504 ## - BIBLIOGRAPHY, ETC. NOTE
Bibliography, etc Includes bibliographies
650 #0 - SUBJECT ADDED ENTRY--TOPICAL TERM
Topical term or geographic name as entry element industrial engineering
650 #0 - SUBJECT ADDED ENTRY--TOPICAL TERM
Topical term or geographic name as entry element Business planning
700 ## - ADDED ENTRY--PERSONAL NAME
Personal name Moore, L. Ted
942 ## - ADDED ENTRY ELEMENTS (KOHA)
Koha item type General Book
Holdings
Sublocation or collection (holding branch) Source of classification or shelving scheme Copy number Lost status Piece designation (barcode) Damaged status Price effective from Date acquired Koha normalized classification for sorting Shelving location Withdrawn status Koha item type Not for loan Koha date last seen Koha full call number Location (home branch)
Central Library, BUET 1 75485 2014-11-132014-11-1365658_000000000000000_50361986Circulation section General Book 2014-11-1365658.5036/1986/BYRCentral Library, BUET
Central Library, BUET 2 75460 2015-02-252015-02-25658_503600000000000_BYR_1986Circulation section General Book 2015-02-25658.5036/BYR/1986Central Library, BUET